ბათუმის შოთა რუსთაველის სახელმწიფო უნივერსიტეტის ბიბლიოთეკა

ჯვარცმული და ჯვარმცმელები : (ბიბ.ჩანაწერი № 54959)

000 -ლიდერი
ფიქსირებული სიგრძის საკონტროლო ველი 01249nam a2200265Ia 4500
001 - საკონტროლო ნომერი
საკონტროლო ველი 22030
003 - საკონტროლო ნომრის იდენტიფიკატორი
საკონტროლო ველი GE_BSU
005 - ბოლო ოპერაციის თარიღი და დრო
საკონტროლო ველი 20220927124138.0
008 - ფიქსირებული სიგრძის მონაცემთა ელემენტები - ზოგადი ინფორმაცია
ფიქსირებული სიგრძის საკონტროლო ველი 181216s ||||ge |||||||||||||| ||geo||
020 ## - წიგნის საერთაშორისო სტანდარტული ნომერი
International Standard Book Number 9789941126031
040 ## - კატალოგიზაციის წყარო
Transcribing agency GE_BSU
041 ## - ენის კოდი
Language code of text/sound track or separate title geo
080 ## - უნივერსალური ათობითი კლასიფიკაციის ინდექსი
Universal Decimal Classification number 821.353.1(092 ჭავჭავაძე, ილია) გ-97
100 ## - მთავარი ჩანაწერი - პიროვნების სახელი
Personal name გურული, ვახტანგ
9 (RLIN) 14851
245 ## - ცნობა სათაურის შესახებ
Title ჯვარცმული და ჯვარმცმელები :
Remainder of title [ილია ჭავჭავაძის მოწამებრივი ცხოვრება] /
Statement of responsibility, etc ვახტანგ გურული ; რედ. გიორგი პაპუაშვილი.
264 ## - წარმოების, გამოცემის, დისტრიბუციის და სხვა ცნობები
გამოცემის, წარმოების, დისტრიბუციის... ადგილი თბილისი :
გამოცემის, წარმოების, დისტრიბუციის... სახელწოდება უნივერსალი,
გამოცემის, წარმოების, დისტრიბუციის... თარიღი 2006.
300 ## - ფიზიკური აღწერა
Extent 108 გვ. ;
Dimensions 20 სმ.
501 ## - შენიშვნა თანმხლებ მასალაზე
With note შენიშვნები გვ. : 94-107
653 ## - INDEX TERM--UNCONTROLLED
Uncontrolled term ქართული ლიტერატურა
653 ## - INDEX TERM--UNCONTROLLED
Uncontrolled term ჭავჭავაძე, ილია
653 ## - INDEX TERM--UNCONTROLLED
Uncontrolled term ჯვარცმული და ჯვარმცმელები
700 ## - ADDED ENTRY--PERSONAL NAME
Personal name პაპუაშვილი, გიორგი
Relator term რედაქტორი
9 (RLIN) 14852
942 ## - ADDED ENTRY ELEMENTS (KOHA)
Koha item type წიგნი
Source of classification or shelving scheme
ეგზემპლარები
ჩამოწერის სტატუსი დაკარგული ეგზემპლარის სტატუსი კლასიფიკაციის წყარო ან თაროზე გაწყობის სქემა დაზიანების სტატუსი არ გაიცემა მუდმივი მდებარეობა (დაცვის ადგილი) ამჟამინდელი ადგილსამყოფელი თაროზე განთავსების ადგილი შეძენის თარიღი ღირებულება, შესყიდვის ნორმალური ფასი სრული შენახვის შიფრი შტრიხკოდი ბოლო ოპერაციის თარიღი ეგზემპლარის მიმდევრობითი ნომერი (კეტერი?) ფასის ძალაში შესვლის თარიღი ეგზემპლარის სახეობა საჯარო შენიშვნა
          ბათუმის შოთა რუსთაველის სახელმწიფო უნივერსიტეტის მთავარი ბიბლიოთეკა ბათუმის შოთა რუსთაველის სახელმწიფო უნივერსიტეტის მთავარი ბიბლიოთეკა წიგნსაცავი 2018-12-17 7.00 821.353.1(092 ჭავჭავაძე, ილია) გ-97 56748 2018-12-17 56748 2018-12-17 წიგნი 7.00 ₾.